[Event "Hannover Bezirks-ch C"]
[Site "Lehrte"]
[Date "2019.10.05"]
[Round "5.6"]
[White "Albus, Alexander"]
[Black "Von Knobloch, Trutz"]
[Result "1-0"]
[WhiteElo "1417"]
[BlackElo "1121"]
[PlyCount "39"]
[EventDate "2019.10.03"]
[EventType "swiss"]
[EventRounds "7"]
[EventCountry "GER"]
[SourceTitle "EXT 2023"]
[Source "ChessBase"]
[SourceDate "2022.10.05"]
[SourceVersion "1"]
[SourceVersionDate "2022.10.05"]
[SourceQuality "1"]

1. Nf3 c5 2. g3 d5 3. c4 e6 4. Bg2 Nf6 5. 0-0 Nc6 6. Qc2 dxc4 7. Na3 Na5 8. Ne5 Rb8 9. Qa4+ Bd7 10. Nxd7 Nxd7 11. Nxc4 Nxc4 12. Qxc4 b5 13. Qf4 Rb6 14. d4 Be7 15. d5 exd5 16. Bxd5 Nf6 17. Bg2 Rd6 18. Qf5 Rd1 19. Bc6+ Nd7 20. Rxd1 1-0

[Event "Hannover Bezirk-ch D"]
[Site "Hannover"]
[Date "2018.10.06"]
[Round "5.1"]
[White "Brandes, Janis"]
[Black "Von Knobloch, Trutz"]
[Result "1-0"]
[WhiteElo "1265"]
[BlackElo "1218"]
[PlyCount "43"]
[EventDate "2018.10.04"]
[EventType "swiss"]
[EventRounds "7"]
[EventCountry "GER"]
[SourceTitle "EXT 2022"]
[Source "ChessBase"]
[SourceDate "2021.10.06"]
[SourceVersion "1"]
[SourceVersionDate "2021.10.06"]
[SourceQuality "1"]

1. d4 b5 2. e4 c6 3. c4 bxc4 4. Bxc4 d5 5. exd5 cxd5 6. Bb3 e6 7. Ne2 Bd6 8. Bf4 Nf6 9. Bxd6 Qxd6 10. 0-0 Nc6 11. Nd2 Ba6 12. Nf3 e5 13. dxe5 Nxe5 14. Ba4+ Kd8 15. Nxe5 Qxe5 16. Re1 Ng4 17. Ng3 Nxf2 18. Rxe5 Nxd1 19. Rxd5+ Kc7 20. Raxd1 Bc8 21. Rc1+ Kb6 22. Rb5+ 1-0

[Event "Hannover Bezirk-ch D"]
[Site "Hannover"]
[Date "2018.10.04"]
[Round "1.3"]
[White "Safranski, Gregor"]
[Black "Von Knobloch, Trutz"]
[Result "0-1"]
[WhiteElo "867"]
[BlackElo "1218"]
[PlyCount "26"]
[EventDate "2018.10.04"]
[EventType "swiss"]
[EventRounds "7"]
[EventCountry "GER"]
[SourceTitle "EXT 2022"]
[Source "ChessBase"]
[SourceDate "2021.10.06"]
[SourceVersion "1"]
[SourceVersionDate "2021.10.06"]
[SourceQuality "1"]

1. e4 e6 2. Nc3 b6 3. Bc4 Bb7 4. d3 d5 5. Bb3 Bb4 6. e5 d4 7. Bd2 dxc3 8. bxc3 Bxc3 9. Bxc3 Bxg2 10. Qg4 Bxh1 11. Qxg7 Qh4 12. Ba4+ Qxa4 13. Kd2 Qf4+ 0-1

[Event "Niedersachsen-ch op C"]
[Site "Verden"]
[Date "2018.01.06"]
[Round "5"]
[White "Hintze, Lobosch"]
[Black "Von Knobloch, Trutz"]
[Result "1-0"]
[WhiteElo "1350"]
[BlackElo "1218"]
[PlyCount "89"]
[EventDate "2018.01.04"]
[EventType "swiss"]
[EventRounds "7"]
[EventCountry "GER"]
[SourceTitle "EXT 2022"]
[Source "ChessBase"]
[SourceDate "2021.10.06"]
[SourceVersion "1"]
[SourceVersionDate "2021.10.06"]
[SourceQuality "1"]

1. e4 e6 2. d4 d5 3. exd5 exd5 4. Nf3 c5 5. dxc5 Bxc5 6. Bb5+ Nc6 7. 0-0 Qb6 8. Bd3 Nge7 9. Nc3 a6 10. Na4 Qb4 11. c3 Bxf2+ 12. Rxf2 Qd6 13. Nb6 Rb8 14. Nxc8 Rxc8 15. Be3 0-0 16. Nd4 Ne5 17. Bf4 f6 18. Qd2 N7g6 19. Bxg6 hxg6 20. Nf3 Rfe8 21. Rd1 Nxf3+ 22. Rxf3 Qb6+ 23. Be3 Qb5 24. Qxd5+ Qxd5 25. Rxd5 Re4 26. Rd4 Rxd4 27. Bxd4 Re8 28. Re3 Rd8 29. Re7 b5 30. Kf2 b4 31. Ra7 bxc3 32. bxc3 Rd6 33. Ke3 Re6+ 34. Kd3 g5 35. Rb7 Kh7 36. Rb6 Rxb6 37. Bxb6 f5 38. c4 Kg6 39. c5 Kf7 40. c6 Ke7 41. c7 Kd7 42. Kd4 f4 43. Ke5 g6 44. h4 Kc8 45. hxg5 1-0